00523cam a22002171 4500001001300000003000400013005001700017008004100034010001700075035002000092040001800112042001200130050001700142100003700159245002000196260001100216300002200227500001800249650002100267999001700288sa 68017932 DLC20260227112707.0900116s1965 ii 000 0 sino  asa 68017932  a(OCoLC)20907789 aDLCcWaUdDLC apremarc00aBJ1289b.P591 aPiyananda, Henpitagedara,d1920-10aBauddha nivasa. c[1965] aii, 99 p.c19 cm. aIn Sinhalese. 0aBuddhist ethics. c88070d88070